000 00624nam a2200193 i 4500
001 129215
003 ES-MaACL
005 20230906193447.0
007 t|
008 070608s1969 sp ||||1| spa d
080 _a946"1936/..."
245 0 3 _aUn tercio de siglo :
_bresurgimiento español : 18 de julio y Movimiento Nacional.
260 _a[Madrid] :
_bEdiciones del Movimiento,
_c[1969]
300 _a108 p. ;
_c21 cm.
610 2 _aMovimiento Nacional (España)
_95776
651 4 _aEspaña-
_xHistoria-
_y1939-1975, Dictadura.
_9167928
710 2 _aEdiciones del Movimiento.
_9171800
852 _aES-MaACL
_jC-36765
999 _c129215
_d129215